| 000 | 00000nam##2200000za#4500 |
| 001 | 9.571295 |
| 003 | CaOODSP |
| 005 | 20210624182644 |
| 007 | cr ||||||||||| |
| 008 | 150406|1998||||xxc|||||o f|0| 0 eng|d |
| 040 | |aCaOODSP|beng |
| 043 | |an-cn--- |
| 086 | 1 |aTU3-5/98-15E-PDF |
| 110 | 2 |aTransportation Safety Board of Canada. |
| 245 | 10|aLoss of power/loss of control - Yukon Helicopters Ltd., Hughes 369HS C-FZXC (Helicopter), Waasagomach, Manitoba, 23 April 1998 |h[electronic resource] |
| 260 | |aGatineau - Quebec : |bTransportation Safety Board of Canada |c[1999]. |
| 300 | |a10p. |
| 490 | 1 |aAviation investigation report |vA98C0070 |
| 590 | |a12-01-Supp|b2012-01-13 |
| 775 | 08|tPerte de puissance/perte de maîtrise - Yukon Helicopters Ltd., (Hélicoptère) Hughes 369HS C-FZXC, Waasagomach (Manitoba), 23 avril 1998 |w(CaOODSP)9.601911 |
| 830 | #0|aAviation investigation report ;|vA98C0070|w(CaOODSP)9.504825 |
| 856 | 40|ahttp://publications.gc.ca|qPDF|s107 KB|uhttps://publications.gc.ca/collections/collection_2011/bst-tsb/TU3-5-98-15-eng.pdf|yA98C0070 |